Name that Tropical Fruit - Statistics

General Stats
  • This quiz has been taken 100 times
  • The average score is 10 of 16
Answer Stats
Picture Answer % Correct
Kiwi
99%
Dragon fruit
97%
Banana
95%
Avocado
93%
Mango
93%
Pineapple
93%
Star fruit
78%
Durian
71%
Lychee
60%
Jackfruit
53%
Kumquat
38%
Rambutan
38%
Guava
31%
Mangosteen
26%
Breadfruit
7%
Kiwano
7%
No matching quizzes found
Score Distribution
Percent of People with Each Score
Percentile by Number Answered
Your Score History
You have not taken this quiz